Berühmte Museen - Statistiken

Allgemein
  • Dieses Quiz wurde 231 mal gespielt
  • Das Durchschnittsergebnis liegt bei 13 aus 20
Antwortstatistiken
Hint Antwort % Korrekt
Louvre Paris
99%
Deutsches Museum München
92%
Vatikanmuseum Rom
92%
Chinesisches Nationalmuseum Beijing
91%
Museumsinsel Berlin
87%
Rijksmuseum Amsterdam
80%
Museum of Modern Arts New York
80%
Grünes Gewölbe Dresden
69%
Eremitage Sankt Petersburg
68%
Uffizien Florenz
67%
Prado Madrid
67%
Vasa-Museum Stockholm
64%
Tretjakow-Galerie Moskau
60%
Tate-Galerie London
59%
Römisch-Germanisches Museum Köln
44%
Smithsonian Washington D.C.
42%
Belvedere Wien
40%
Senckenberg Naturmuseum Frankfurt am Main
37%
Folkwang-Museum Essen
35%
Germanisches Nationalmuseum Nürnberg
32%
Keine übereinstimmenden Quizze gefunden
Verteilung der Resultate
Anzahl Personen mit jedem Resultat
Perzentil nach korrekt beantworteten Fragen
Ihre Resultats-Entwicklung
Sie haben dieses Quiz noch nicht gespielt